Antropología y educación en el pensamiento y la obra de Jovellanos / (Record no. 177570)

MARC details
000 -LEADER
campo de control de longitud fija 00873nam a22002415i 4500
001 - NÚMERO DE CONTROL
campo de control 177570
003 - IDENTIFICADOR DE NÚMERO DE CONTROL
campo de control ES-MaACL
005 - FECHA Y HORA DE LA ÚLTIMA TRANSACCIÓN
campo de control 20250828062538.0
008 - DATOS DE LONGITUD FIJA--INFORMACIÓN GENERAL
campo de control de longitud fija 110404s1990 sp |||| | spa d
020 ## - NÚMERO INTERNACIONAL ESTÁNDAR DEL LIBRO
Número Internacional Estándar del Libro 84-7719-201-4
080 ## - NÚMERO DE LA CLASIFICACIÓN DECIMAL UNIVERSAL
Número de la Clasificación Decimal Universal 929 Jovellanos, Gaspar Melchor de
080 ## - NÚMERO DE LA CLASIFICACIÓN DECIMAL UNIVERSAL
Número de la Clasificación Decimal Universal 572:37
100 1# - ENTRADA PRINCIPAL--NOMBRE DE PERSONA
Nombre de persona Flecha Andrés, F.
9 (RLIN) 145947
245 10 - MENCIÓN DEL TÍTULO
Título Antropología y educación en el pensamiento y la obra de Jovellanos /
Mención de responsabilidad, etc. Francisco Flecha Andrés.
260 ## - PUBLICACIÓN, DISTRIBUCIÓN, ETC.
Lugar de publicación, distribución, etc. León :
Nombre del editor, distribuidor, etc. Universidad de León, Secretariado de Publicaciones,
Fecha de publicación, distribución, etc. D. L. 1990.
300 ## - DESCRIPCIÓN FÍSICA
Extensión 212 p. ;
Dimensiones 21 cm.
504 ## - NOTA DE BIBLIOGRAFÍA, ETC.
Nota de bibliografía, etc. Bibliografía: p. 201-212.
600 17 - PUNTO DE ACCESO ADICIONAL DE MATERIA--NOMBRE DE PERSONA
Nombre de persona Jovellanos, Gaspar Melchor de,
Fechas asociadas al nombre 1744-1811-
Subdivisión general Crítica e interpretación
Fuente del encabezamiento o término
9 (RLIN) 144494
650 #7 - PUNTO DE ACCESO ADICIONAL DE MATERIA--TÉRMINO DE MATERIA
Término de materia o nombre geográfico como elemento de entrada Antropología física
Fuente del encabezamiento o término embne
9 (RLIN) 9893
650 #7 - PUNTO DE ACCESO ADICIONAL DE MATERIA--TÉRMINO DE MATERIA
Término de materia o nombre geográfico como elemento de entrada Educación
Fuente del encabezamiento o término embne
9 (RLIN) 12073
852 ## - LOCALIZACIÓN
Ubicación ES-MaACL
Número de control de estantería E-14780
Holdings
Estatus retirado Estado de pérdida Estado de daño No para préstamo Biblioteca de origen Biblioteca actual Ubicación en estantería Fecha de adquisición Fuente de adquisición Total de préstamos Signatura topográfica completa Código de barras Visto por última vez Precio de reemplazo Tipo de ítem Koha
        Biblioteca del Ateneo de Madrid Biblioteca del Ateneo de Madrid Depósito 2 04/04/2011     E-14780 1186514 23/02/2023 23/02/2023 Libro impreso